Effeciency of yeast in feed on quail growth, ប្រសិទ្ធភាពនៃការប្រើប្រាស់មេដំបែរទៅក្នុងចំណីលើការលូតលាស់របស់ក្រូច (Record no. 2053)

000 -LEADER
fixed length control field 00603nam a22001577a 4500
003 - CONTROL NUMBER IDENTIFIER
control field OSt
005 - DATE AND TIME OF LATEST TRANSACTION
control field 20151006150036.0
008 - FIXED-LENGTH DATA ELEMENTS--GENERAL INFORMATION
fixed length control field 151006b xxu||||| |||| 00| 0 eng d
040 ## - CATALOGING SOURCE
Transcribing agency RUA
082 ## - DEWEY DECIMAL CLASSIFICATION NUMBER
Classification number AVM HEN 2006 B076 Or.1
100 ## - MAIN ENTRY--PERSONAL NAME
9 (RLIN) 2183
Personal name HENG, CHAMROEUN.
245 ## - TITLE STATEMENT
Title Effeciency of yeast in feed on quail growth, ប្រសិទ្ធភាពនៃការប្រើប្រាស់មេដំបែរទៅក្នុងចំណីលើការលូតលាស់របស់ក្រូច
260 ## - PUBLICATION, DISTRIBUTION, ETC. (IMPRINT)
Place of publication, distribution, etc. Phnom Penh
Name of publisher, distributor, etc. RUA
Date of publication, distribution, etc. 2006
300 ## - PHYSICAL DESCRIPTION
Extent 42p.
Other physical details ill.
Dimensions 29cm.
942 ## - ADDED ENTRY ELEMENTS (KOHA)
Source of classification or shelving scheme
Koha item type AVM
Holdings
Price effective from Date last seen Permanent Location Not for loan Date acquired Source of classification or shelving scheme Koha item type Lost status Withdrawn status Date last checked out Total Checkouts Shelving location Damaged status Barcode Current Location Full call number
2015-10-062016-08-05Library Block B 2015-10-06 AVM  2016-07-191B076 RUA007748Library Block BAVM HEN 2006 B076 Or.1
2015-10-062015-10-06Library Block B 2015-10-06 AVM    B076 RUA008806Library Block BAVM HEN 2006 B076 Or.2
2015-10-062018-06-22Library Block B 2015-10-06 AVM  2018-05-231B076 RUA007819Library Block BAVM HEN 2006 B076 Or.3
2015-10-062018-11-13Library Block B 2015-10-06 AVM  2018-10-261B076 RUA007894Library Block BAVM HEN 2006 B076 Or.4
2015-10-062025-07-17Library Block B 2015-10-06 AVM  2025-06-262  RUA010119Library Block BAVM HEN 2006 B076 Or.5
មជ្ឈមណ្ឌលឯការនៃសាកលវិទ្យាល័យភូមិន្ទកសិកម្មចំការដូង

Powered by Koha